Кино-триллеры - Армагеддон - Statistics

General Stats
  • This quiz has been taken 41 times
  • The average score is 2 of 15
Answers on the Grid
Answers color-coded by a green-red scale on the quiz's grid according to % correct below.
Бойцовский клуб
Земляне
Господин Никто
Семь
Криминальное чтиво
Окно во двор
Восемь с половиной
Карты, деньги, два ствола
Заводной апельсин
Мыс страха
Догма
Незнакомцы в поезде
Собачий полдень
Фирма
Эксперимент
Драйв
Рассекая волны
Народ против Ларри Флинта
Головокружение
Шоу Трумана
Молчание ягнят
Апокалипсис сегодня
Неоновый демон
Джокер
Кобра
Достать ножи
Соломенные псы
Не в себе
Лобстер
Достучаться до небес
 
Answer Stats
Answer % Correct
Бойцовский клуб
77%
Семь
38%
Молчание ягнят
27%
Мыс страха
19%
Незнакомцы в поезде
15%
Окно во двор
12%
Эксперимент
12%
Неоновый демон
12%
Головокружение
8%
Джокер
8%
Заводной апельсин
4%
Фирма
4%
Драйв
4%
Соломенные псы
4%
Не в себе
0%
No matching quizzes found
Score Distribution
Percent of People with Each Score
Percentile by Number Answered
Your Score History
You have not taken this quiz